000 00304nam a22001337a 4500
008 170928b xxu||||| |||| 00| 0 eng d
020 _a9780673523273
041 _aeng
080 _24TH
_a37
100 _a47
101 _aEDU
245 _aUNDERSTANDING READING PROBLEMS
_cGILLET,J.W
942 _2udc
_cBK
999 _c30350
_d30350